| 000 | 01350cam a22003735a 4500 | ||
|---|---|---|---|
| 001 | 17767868 | ||
| 005 | 20201128021248.0 | ||
| 008 | 130607t2014 enkako frb 001 0 eng d | ||
| 020 | _a9781446267783 (hbk.) | ||
| 020 | _a1446267784 (hbk.) | ||
| 020 | _a9781446267790 (pbk.) | ||
| 020 | _a1446267792 (pbk.) | ||
| 040 |
_aUKMGB _beng _cUKMGB _dOCLCO _dCDX _dTEF _dYDXCP _dBTCTA _dBDX _dYHM _dOHS _dOBE _dOCLCF _dSINLB _dOCL _dGWDNB _dDLC _dEG-ScBUE |
||
| 041 | 1 |
_aeng _hger |
|
| 082 | 0 | 4 |
_a001.42 _bFLI _222 |
| 100 | 1 |
_aFlick, Uwe, _d1956- _938026 |
|
| 240 | 1 | 0 |
_aQualitative Forschung. _lEnglish |
| 245 | 1 | 3 |
_aAn introduction to qualitative research / _cUwe Flick. |
| 250 | _a5th ed. | ||
| 260 |
_aLondon : _bSage, _cc.2014. |
||
| 300 |
_axxvii, 587 p. : _bforms, photographs, tables ; _c24 cm. |
||
| 500 | _aPrevious edition of this translation : 2009. | ||
| 500 | _aIncludes indexes. | ||
| 504 | _aBibliography : p. 546-571. | ||
| 546 | _aText in English ; translated from the original German. | ||
| 650 | 7 |
_aPsychology _xQualitative research. _2BUEsh _938027 |
|
| 650 | 7 |
_aSocial sciences _xMethodology. _2BUEsh _9784 |
|
| 650 | 7 |
_aQualitative research. _2BUEsh _912337 |
|
| 651 | _2BUEsh | ||
| 653 |
_bCOMAME _cMay2015 |
||
| 655 |
_vreading book _934232 |
||
| 856 | 4 | 2 |
_uhttp://d-nb.info/1049662822/04 _3Inhaltsverzeichnis |
| 942 |
_2ddc _k001.42 FLI |
||
| 999 |
_c19369 _d19341 |
||